Fundamentals of Geography ( w.s.r. to Mah.) (Record no. 804852)

MARC details
000 -LEADER
fixed length control field 00515nam a2200193Ia 4500
008 - FIXED-LENGTH DATA ELEMENTS--GENERAL INFORMATION
fixed length control field 101110s9999 xx 000 0 und d
041 ## - LANGUAGE CODE
Language code of text/sound track or separate title ENGLISH
082 ## - DEWEY DECIMAL CLASSIFICATION NUMBER
Item number SR9816
Classification number 910
100 ## - MAIN ENTRY--PERSONAL NAME
Personal name Arunachalam B.
245 ## - TITLE STATEMENT
Title Fundamentals of Geography ( w.s.r. to Mah.)
365 ## - TRADE PRICE
Price amount 12
520 ## - SUMMARY, ETC.
Summary, etc Geography
546 ## - LANGUAGE NOTE
Language note ENGLISH
630 ## - SUBJECT ADDED ENTRY--UNIFORM TITLE
Uniform title Fundamentals of Geography ( w.s.r. to Mah.)
650 ## - SUBJECT ADDED ENTRY--TOPICAL TERM
Topical term or geographic name as entry element Geography
655 ## - INDEX TERM--GENRE/FORM
Genre/form data or focus term Geography
730 ## - ADDED ENTRY--UNIFORM TITLE
Uniform title Fundamentals of Geography ( w.s.r. to Mah.)
942 ## - ADDED ENTRY ELEMENTS (KOHA)
Koha item type Book
Holdings
Withdrawn status Lost status Damaged status Not for loan Home library Current library Date acquired Cost, normal purchase price Total Checkouts Barcode Date last seen Price effective from Koha item type
        D. B. J. College, Chiplun D. B. J. College, Chiplun 11/11/2010 12.00   DBJSR9816 11/11/2010 11/11/2010 Book